| 000 | 01121 a2200229 4500 | ||
|---|---|---|---|
| 001 | 23421 | ||
| 005 | 20260407155522.0 | ||
| 008 | 260407a2009 arg spa d | ||
| 003 | AR-UNSa-BCEJYS | ||
| 040 |
_aAR-UNSa-BCEJYS _bspa _cAR-UNSa-BCEJYS |
||
| 080 |
_a657.37 _xBalance anual. Cierre de cuentas (Consolidación) |
||
| 245 | 1 | 0 | _aConsolidación de estados contables |
| 020 | _a978-987-01-1001-9 | ||
| 250 | _a2a. ed | ||
| 264 | 1 |
_aBuenos Aires : _bErrepar _c2009 |
|
| 300 |
_axiv, 320 p. _c21 cm. |
||
| 505 | _a1. Aspectos básicos - 2. Metodología básica - 3. Combinaciones de negocios. Valor en libros y medición de activos netos identificables - 4. Combinaciones de negocios.Llave positiva - 5. Combinaciones de negocios.Llave negativa - 6. Ajustes de consolidación - 7. Eliminaciones - 8. Consolidación del estado de flujo de efectivo - 9. Participaciones indirectas y reciprocas - 10. Exposición de la información y otros aspectos - 11. Caso práctico. Resumen - 12. Anexos. | ||
| 041 | _aspa | ||
| 942 | _cBK | ||
| 590 | _aniveau_biblio:m niveau_hierar:0 | ||
| 100 | 1 | _aSenderovich, Pablo David | |
| 999 |
_c1109 _d1109 |
||